Staying alive : (Record no. 14460)

000 -LEADER
fixed length control field 00472nam a2200181 a 4500
020 ## - INTERNATIONAL STANDARD BOOK NUMBER
ISBN 0862328225
020 ## - INTERNATIONAL STANDARD BOOK NUMBER
ISBN 0862328233 (pbk.)
040 ## - CATALOGING SOURCE
Transcribing agency VTU
082 ## - DEWEY DECIMAL CLASSIFICATION NUMBER
Classification number 305 ZED 1989 A067 Or.
100 1# - MAIN ENTRY--AUTHOR NAME
Personal name Shiva, Vandana
245 10 - TITLE STATEMENT
Title Staying alive :
Remainder of title women, ecology, and development /
260 ## - PUBLICATION, DISTRIBUTION, ETC. (IMPRINT)
Place of publication London :
Name of publisher Zed Books,
Year of publication 1989
300 ## - PHYSICAL DESCRIPTION
Number of Pages xx, 234 p. :
Other physical details ill. ;
Dimensions 22 cm
650 #0 - SUBJECT ADDED ENTRY--TOPICAL TERM
Topical Term Women in development
650 #0 - SUBJECT ADDED ENTRY--TOPICAL TERM
Topical Term Human ecology
650 #0 - SUBJECT ADDED ENTRY--TOPICAL TERM
Topical Term Patriarchy
942 ## - ADDED ENTRY ELEMENTS (KOHA)
Koha item type សៀវភៅភាសាអង់គ្លេស
952 ## - LOCATION AND ITEM INFORMATION (KOHA)
Withdrawn status [LOCAL, KOHA] 0
Holdings
Permanent Location Date acquired Koha item type Lost status Shelving location Barcode Current Location Full call number
Library Block A2017-10-17សៀវភៅភាសាអង់គ្លេស A067A06125Library Block A305 ZED 1989 A067 Or.
មជ្ឈមណ្ឌលឯការនៃសាកលវិទ្យាល័យភូមិន្ទកសិកម្មចំការដូង

Powered by Koha